00850cam a2200265 i 45000010009000000050017000090080041000260100017000670200029000840200025001130200026001380400028001640410008001920420008002000800017002080820021002251000007002461010008002532450066002615040067003279060045003949420012004399990017004519520116004681827919920180228032440.0140825s2015 nyua b 001 0 eng  a 2014029430 a9780415640275 (hardback) a9780415640282 (pbk.) z9780203082843 (ebook) aDLCbengcDLCerdadDLC aeng apcc a658.45 PET00a658.45 PET2231 a50 aBUS10aBusiness communication :cPeter Hartley and Peter Chatterton. aIncludes bibliographical references (pages 310-320) and index. a7bcbccorignewd1eecipf20gy-gencatlg 2ddccBK c43668d43668 00102udc40708PËKGa002b002cPËKGd2018-02-28l0o658.45 PETp002-3000384r2018-02-28w2018-02-28yBK